000 00984nam a2200301 i 4500
005 20260405160731.0
008 260405t20252025my ao gr 00| 0beng d
020 _a9781394284610
_cRM137.39
_qpaperback
040 _aPPAK
_beng
_cPPAK
_erda
082 0 4 _223
_a006.68
090 0 0 _a006.68
_bSYL
_dG
100 1 _aSylvan, Rob,
_eauthor.
245 1 0 _aAdobe Photoshop Lightroom Classic
_cby Rob Sylvan ; Acquisition Editor : Alicia Sparrow
250 _a3rd Edition
264 1 _aHoboken, New Jersey :
_bJohn Wiley & Sons, Inc.,
_c2025
264 4 _c©2025
300 _axiii, 366 pages :
_billustrations, photographs ;
_c23 cm
336 _atext
_2rdacontent
337 _aunmediated
_2rdamedia
338 _avolume
_2rdacarrier
490 1 _aFor dummies
650 1 0 _aComputer graphics
650 2 0 _aComputer art
650 2 0 _aImage processing—Digital techniques
700 1 _aSparrow, Alicia,
_eeditor.
830 0 _aFor dummies.
942 _2ddc
_cB
999 _c203694
_d203694